Normal view MARC view

Entry Nome pessoal

Number of records used in: 2

001 - NÚMERO DE CONTROLE

  • campo de controle: 537

003 - IDENTIFICADOR DO NÚMERO DE CONTROLE

  • campo de controle: Br

005 - DATA E HORÁRIO DA ÚLTIMA TRANSAÇÃO

  • campo de controle: 20250317111733.0

008 - CAMPO DE DADOS FIXOS

  • campo de controle de tamanho fixo: 981120|| acnnnaab| aaaa

035 ## - NÚMERO DE CONTROLE DO SISTEMA

  • Número de Controle do Sistema: 98112013453494E50

040 ## - FONTE DA CATALOGAÇÃO

  • Instituição da catalogação original: Br
  • Instituição que transcreveu o registro: Br

100 1# - CABEÇALHO--NOME PESSOAL

  • Nome pessoal: Wilde, Oscar,
  • Datas associadas ao nome: 1854-1900

400 1# - REMISSIVA VER--NOME PESSOAL

  • Nome pessoal: Wilde
  • Datas associadas ao nome: 1854-1900

400 0# - REMISSIVA VER--NOME PESSOAL

  • Nome pessoal: C. 3. 3
  • Datas associadas ao nome: 1854-1900

400 0# - REMISSIVA VER--NOME PESSOAL

  • Nome pessoal: C. Three Three
  • Datas associadas ao nome: 1854-1900

400 1# - REMISSIVA VER--NOME PESSOAL

  • Nome pessoal: Melmoth, Sebastian
  • Datas associadas ao nome: 1854-1900

400 1# - REMISSIVA VER--NOME PESSOAL

  • Nome pessoal: Wilde, Oscar Fingall O'Flahertie Wills
  • Datas associadas ao nome: 1854-1900

400 1# - REMISSIVA VER--NOME PESSOAL

  • Nome pessoal: Vailds, Oskars
  • Datas associadas ao nome: 1854-1900

670 ## - FONTE POSITIVA DOS DADOS

  • Citação da fonte positiva dos dados: Autor de: Salomé. [1921?]

670 ## - FONTE POSITIVA DOS DADOS

  • Citação da fonte positiva dos dados: Seu: Teleny... 2008
  • Dados encontrados na fonte localizada no subcampo: (/ Wilde)

670 ## - FONTE POSITIVA DOS DADOS

  • Citação da fonte positiva dos dados: Em: Bristol, Brian. Por que amamos ler?... 2008
  • Dados encontrados na fonte localizada no subcampo: (p. 101: poeta, dramaturgo e romancista irlandês; D.)

670 ## - FONTE POSITIVA DOS DADOS

  • Citação da fonte positiva dos dados: http://authorities.loc.gov
  • Dados encontrados na fonte localizada no subcampo: (D., rems.)

670 ## - FONTE POSITIVA DOS DADOS

  • Citação da fonte positiva dos dados: http://catalog.loc.gov 12/5/2009
  • Dados encontrados na fonte localizada no subcampo: (D.)

670 ## - FONTE POSITIVA DOS DADOS

  • Citação da fonte positiva dos dados: http://en.wikipedia.org/wiki/Oscar_Wilde
  • Dados encontrados na fonte localizada no subcampo: (Oscar Fingall O'Flahertie Wills Wilde foi um dramaturgo, escritor e poeta irlandês; D.)

670 ## - FONTE POSITIVA DOS DADOS

  • Citação da fonte positiva dos dados: https://authorities.loc.gov/ 27/06/2019
  • Dados encontrados na fonte localizada no subcampo: (rems.)

670 ## - FONTE POSITIVA DOS DADOS

  • Citação da fonte positiva dos dados: https://catalogue.bnf.fr/ark:/12148/cb11929190h 27/06/2019

856 ## - LOCALIZAÇÃO ELETRÔNICA E ACESSO

  • Uniform Resource Identifier: http://www.cmgww.com/historic/wilde
  • Nota pública: Wilde, Oscar

Powered by Koha